Bienvenue à la Médiathèque de Saint-Andiol
banniere
Accueil Recherche avancée Mon compte
handi1 Rechercher dans le catalogue

Filtre   Mots-clés
  Recherche avancée
 
Lister les dernières nouveautés
 
Lister les livres GROS CARACTERES
 
Lister les périodiques (magazines)

handi1 pré des églantines (Le)

Book Cover
Auteur principal : Jeanine Berducat
Titre : pré des églantines (Le)
Support : Livres à gros caractères
Langue : Francais
Publié : DL 2017 La Loupe Paris
Genre : Roman
Collection : Terroir
Sujets :
Étiquettes :
Pas de tags
LEADER 01153nam0a2200217 450
001 16867889
010 |a 978-2-84868-692-9  |b br.  |d 22,6 € 
100 |a 20260320d2026 u u0frey01 ba 
101 0 |a fre 
102 |a FR 
200 0 |a pré des églantines (Le)  |f Jeanine Berducat 
205 |a [Ed.] en gros caractères 
207 1 |a   
210 |a Paris  |c La Loupe  |d DL 2017 
215 |a 1 vol. (389 p.)  |c Couv  |d 22 cm 
225 1 |a Terroir 
330 |a Clémence est née en Berry, dans un village qui peine à se remettre de la grande saignée de 14-18. Dans cet univers laborieux, la jeune fille s'accorde cependant sa part de rêves, dans le pré des églantines ; jusqu'au jour où elle prendra la décision de quitter cette terre, fuyant la volonté de son père qui veut la marier contre son gré, et se retrouvera à Paris ! La découverte de la capitale est un choc pour cette provinciale formée à l'école des traditions rurales du silence et du sort accepté. 
700 0 |a Berducat  |b Jeanine  |f 1952-....  |4 70 
900 |a Roman 
901 |a Adultes 
995 |a Médiathèque  |c Médiathèque  |f 089021800  |h 089021800  |k R BER LV  |o p  |q a  |r ag  |e MédiathèqueÂ